|
|
|
|
| LEADER |
00000nab a2200000 a 4500 |
| 001 |
vtls000348072 |
| 003 |
SK-MaSNL |
| 005 |
20260303124901.0 |
| 008 |
111202c1988 xo 0 slo |
| 015 |
|
|
|a SNBRA19rr/mm-uuuuu
|
| 035 |
|
|
|a CL0348194
|
| 040 |
|
|
|a SNKBUCL
|b slo
|c SNKBUCL
|e AACR2
|
| 041 |
0 |
|
|a slo
|
| 044 |
|
|
|a xo
|c SK
|
| 080 |
|
|
|a 338.465(437):64.024
|2 1981
|
| 080 |
|
|
|a 64.024
|2 1981
|
| 080 |
|
|
|a 338.2(437)
|2 1981
|
| 100 |
1 |
|
|a Dubina, Peter
|4 aut
|9 428242
|
| 245 |
1 |
0 |
|a Využívanie obchodnopolitických nástrojov v súčasnej praxi podnikov reštauračného stravovania
|c Peter Dubina
|
| 650 |
0 |
7 |
|a mechanizmus hospodársky
|2 snkbucl
|9 385380
|
| 650 |
0 |
7 |
|a podniky stravovania reštauračného
|2 snkbucl
|9 951730
|
| 650 |
0 |
7 |
|a obchodná politika
|2 snkbucl
|9 2326
|
| 655 |
|
7 |
|a články zo zborníkov
|2 snkbucl
|9 166140
|
| 773 |
0 |
|
|t Obchodná politika podnikov cestovného ruchu a reštauračného stravovania v nových ekonomických podmienkach
|d Banská Bystrica : Dom techniky ČSVTS, 1988
|
| 850 |
|
|
|a Slovenská národná knižnica v Martine
|a MTA001
|
| 852 |
|
|
|a SNK
|b KIS3GCP
|
| 958 |
|
|
|a RK
|
| 992 |
|
|
|a RZB
|
| 999 |
|
|
|c 1932002
|d 1933932
|